[Event "Schleswig Holstein-ch U25 op"]
[Site "Neumuenster"]
[Date "2003.03.13"]
[Round "6"]
[White "Patzer, Stefan"]
[Black "Pein, Stefan"]
[Result "1-0"]
[WhiteElo "1912"]
[BlackElo "1480"]
[PlyCount "69"]
[EventDate "2003.03.??"]
[EventType "tourn"]
[EventRounds "9"]
[EventCountry "GER"]
[SourceTitle "EXT 2005"]
[Source "ChessBase"]
[SourceDate "2004.11.15"]
[SourceVersion "1"]
[SourceVersionDate "2004.11.15"]
[SourceQuality "1"]

1. e4 e5 2. Nf3 Nc6 3. c3 Bc5 4. b4 Bb6 5. b5 Na5 6. d4 exd4 7. cxd4 Nf6 8. Bd3 a6 9. a4 0-0 10. Bg5 Qe7 11. 0-0 h6 12. Bxf6 Qxf6 13. e5 Qd8 14. Nc3 c6 15. Ne4 Kh8 16. Nd6 Bc7 17. Nxc8 Rxc8 18. bxa6 bxa6 19. Bxa6 Ra8 20. Bd3 d6 21. Qc2 Re8 22. Rfe1 g5 23. Qc3 d5 24. Bc2 Re6 25. Bf5 Re7 26. Nd2 Qe8 27. Qh3 Kg7 28. Nf3 Nb3 29. Ra3 Rb8 30. Nxg5 Nxd4 31. Rg3 Nxf5 32. Qxf5 Rxe5 33. Ne6+ Kh8 34. Qf6+ Kh7 35. Qg7# 1-0

[Event "Schleswig Holstein-ch U18 q"]
[Site "Neumuenster"]
[Date "2002.04.10"]
[Round "8"]
[White "Schmueser, Florian"]
[Black "Pein, Stefan"]
[Result "1/2-1/2"]
[WhiteElo "1321"]
[BlackElo "1271"]
[PlyCount "55"]
[EventDate "2002.04.??"]
[EventType "swiss"]
[EventRounds "9"]
[EventCountry "GER"]
[SourceTitle "EXT 2003"]
[Source "ChessBase"]
[SourceDate "2002.11.25"]
[SourceVersion "1"]
[SourceVersionDate "2002.11.25"]
[SourceQuality "1"]

1. Nf3 d5 2. d4 Nc6 3. Bf4 Bf5 4. e3 e6 5. a3 a6 6. c4 Nf6 7. Bd3 Bg4 8. Nbd2 Bd6 9. Bxd6 cxd6 10. cxd5 Nxd5 11. Rc1 0-0 12. Be4 Nce7 13. Qb3 Rb8 14. 0-0 b5 15. Bxd5 Nxd5 16. Rc6 Rb6 17. Rfc1 Ne7 18. Rc7 Rb8 19. Ra7 Rb6 20. Rcc7 Nd5 21. Rd7 Qc8 22. e4 e5 23. Rxf7 Rxf7 24. Qxd5 Be6 25. Ra8 Bxd5 26. Rxc8+ Rf8 27. Rxf8+ Kxf8 28. exd5 1/2-1/2

[Event "Schleswig Holstein-ch U18 q"]
[Site "Neumuenster"]
[Date "2002.04.07"]
[Round "4"]
[White "Dittmann, Sebastian"]
[Black "Pein, Stefan"]
[Result "1/2-1/2"]
[WhiteElo "1352"]
[BlackElo "1271"]
[PlyCount "37"]
[EventDate "2002.04.??"]
[EventType "swiss"]
[EventRounds "9"]
[EventCountry "GER"]
[SourceTitle "EXT 2003"]
[Source "ChessBase"]
[SourceDate "2002.11.25"]
[SourceVersion "1"]
[SourceVersionDate "2002.11.25"]
[SourceQuality "1"]

1. e4 e5 2. Nf3 Nc6 3. Nc3 Nf6 4. Bc4 Bc5 5. 0-0 d6 6. d3 Bg4 7. Nd5 Nd4 8. h3 Bxf3 9. gxf3 c6 10. Nxf6+ gxf6 11. c3 Ne6 12. Kh2 Qd7 13. a3 0-0-0 14. Qe2 d5 15. Bb3 d4 16. c4 Rde8 17. Bc2 Rhg8 18. b4 Bd6 19. f4 1/2-1/2

[Event "Schleswig Holstein-chB U18"]
[Site "Neumuenster"]
[Date "2001.04.11"]
[Round "7"]
[White "Behrens, Melf"]
[Black "Pein, Stefan"]
[Result "1-0"]
[WhiteElo "1140"]
[BlackElo "1245"]
[PlyCount "91"]
[EventDate "2001.04.??"]
[EventType "swiss"]
[EventRounds "9"]
[EventCountry "GER"]
[SourceTitle "EXT 2003"]
[Source "ChessBase"]
[SourceDate "2002.11.25"]
[SourceVersion "1"]
[SourceVersionDate "2002.11.25"]
[SourceQuality "1"]

1. e4 e5 2. Nf3 Nc6 3. Bb5 Bc5 4. c3 Nf6 5. d4 exd4 6. cxd4 Bb6 7. Bg5 h6 8. Bxf6 Qxf6 9. e5 Qg6 10. 0-0 a6 11. Bd3 Qe6 12. Bc2 d6 13. d5 Qd7 14. dxc6 Qxc6 15. Re1 0-0 16. Nc3 dxe5 17. Rxe5 Bg4 18. Qd3 g6 19. Rae1 Bxf3 20. Qxf3 Qd6 21. Qxb7 Qf6 22. Qf3 Qd6 23. Bb3 Qd2 24. Qe2 Qf4 25. Nd5 Qd4 26. Nxb6 cxb6 27. Re7 Qf6 28. Qe3 Qg7 29. Qxb6 a5 30. Bd5 Rab8 31. Qxa5 Rxb2 32. h3 Qf6 33. Qa7 Rd2 34. Bb3 Rd6 35. Re8 Rd2 36. Rxf8+ Kxf8 37. Qe3 Rd8 38. Qxh6+ Kg8 39. Re3 Qa1+ 40. Kh2 Qf6 41. Rg3 Rd6 42. h4 Qxf2 43. Rxg6+ Rxg6 44. Qxg6+ Kh8 45. Qh5+ Kg7 46. Qxf7+ 1-0

[Event "Schleswig Holstein-chB U18"]
[Site "Neumuenster"]
[Date "2001.04.11"]
[Round "8"]
[White "Pein, Stefan"]
[Black "Winter, Justus"]
[Result "1-0"]
[WhiteElo "1245"]
[BlackElo "1113"]
[PlyCount "137"]
[EventDate "2001.04.??"]
[EventType "swiss"]
[EventRounds "9"]
[EventCountry "GER"]
[SourceTitle "EXT 2003"]
[Source "ChessBase"]
[SourceDate "2002.11.25"]
[SourceVersion "1"]
[SourceVersionDate "2002.11.25"]
[SourceQuality "1"]

1. e4 d6 2. d4 Nf6 3. Nc3 g6 4. Nf3 Bg7 5. Bd3 0-0 6. h3 c6 7. Be3 d5 8. e5 Ne8 9. Qd2 f6 10. Bh6 c5 11. Bxg7 Kxg7 12. 0-0-0 cxd4 13. exf6+ Nxf6 14. Nxd4 e5 15. Nb3 Nc6 16. f3 Be6 17. Nc5 Qe7 18. Nxe6+ Qxe6 19. Rhe1 d4 20. Nb1 Qxa2 21. Bb5 Rfe8 22. Re2 a6 23. Bxc6 bxc6 24. Rde1 Rab8 25. c3 dxc3 26. Qxc3 Nd5 27. Qd2 Nb6 28. Rxe5 Rxe5 29. Rxe5 Nc4 30. Re7+ Kf6 31. Qf4+ Kxe7 32. Qxb8 Ke6 33. Qe8+ Kd6 34. Qb8+ Kc5 35. Qf8+ Kd4 36. Qf6+ Kc5 37. g4 Qxb2+ 38. Qxb2 Nxb2 39. Kxb2 Kd4 40. Kc2 Ke3 41. Nd2 a5 42. Kd1 a4 43. Kc2 a3 44. Ne4 Kxf3 45. Nf6 Kg3 46. Nxh7 Kxh3 47. g5 Kg4 48. Kb3 Kf5 49. Kxa3 Ke6 50. Kb4 Kd5 51. Kc3 c5 52. Nf6+ Ke5 53. Kc4 Kd6 54. Kb5 Ke5 55. Kxc5 Ke6 56. Kd4 Kf5 57. Nh7 Ke6 58. Ke4 Kf7 59. Ke5 Ke7 60. Nf6 Kf7 61. Kd6 Kf8 62. Ke6 Kg7 63. Nd7 Kg8 64. Kf6 Kh8 65. Ne5 Kh7 66. Nxg6 Kg8 67. Ne7+ Kf8 68. Kg6 Kxe7 69. Kh7 1-0